|
|
|
|
| LEADER |
00000nas a2200000 a 4500 |
| 001 |
ssj0010162 |
| 003 |
WaSeSS |
| 005 |
20200512172242.0 |
| 006 |
m d |
| 007 |
cr n |
| 008 |
950731c19909999maubr pss 0 0eng c |
| 010 |
|
|
|a 2006263023
|
| 016 |
7 |
|
|a 9887109
|2 DNLM
|
| 016 |
7 |
|
|a SR0076365
|2 DNLM
|
| 016 |
7 |
|
|a 009829746
|2 Uk
|
| 022 |
|
|
|y 1049-7285
|
| 030 |
|
|
|a APROEY
|
| 035 |
|
|
|a (WaSeSS)ssj0010162
|
| 040 |
|
|
|a VA@
|b eng
|c VA@
|d HUL
|d OCL
|d OKU
|d OCLCQ
|d N@F
|d OCLCQ
|d TXA
|d VRC
|d OCLCQ
|d OCLCF
|d OCL
|d OCLCQ
|d LIP
|d XFH
|d VT2
|d COD
|d WaSeSS
|
| 042 |
|
|
|a pcc
|
| 043 |
|
|
|a n-us---
|
| 050 |
1 |
4 |
|a E838
|b .A54
|
| 082 |
0 |
4 |
|a 324.05
|
| 082 |
0 |
4 |
|a 148.05
|
| 082 |
0 |
4 |
|a 070.572
|
| 245 |
0 |
4 |
|a The American prospect
|h [electronic resource].
|
| 260 |
|
|
|a [Boston] :
|b New Prospect,
|c [1990]-
|
| 310 |
|
|
|a Bimonthly,
|b 2020-
|
| 321 |
|
|
|a Frequency varies,
|b 1990-Jan. 2003
|
| 321 |
|
|
|a Monthly, July and Aug. combined,
|b Feb. 2003-
|
| 321 |
|
|
|a Bimonthly,
|b 2012-July/Aug. 2014
|
| 321 |
|
|
|a Quarterly,
|b fall 2014-2019
|
| 362 |
0 |
|
|a No. 1 (spring 1990)-no. 46 (Sept.-Oct. 1999); v. 11, no. 1 (Nov. 23, 1999)-
|
| 500 |
|
|
|a "A journal of the liberal imagination."
|
| 500 |
|
|
|a Imprint varies.
|
| 500 |
|
|
|a Title from issue table of contents (AMP site, viewed Mar. 22, 2006).
|
| 506 |
|
|
|a License restrictions may limit access.
|
| 515 |
|
|
|a Some issues combined.
|
| 525 |
|
|
|a Has special supplements.
|
| 588 |
|
|
|a Latest issue consulted: Vol. 31, no. 1 (Jan./Feb. 2020) (print surrogate).
|
| 648 |
|
7 |
|a Since 1989
|2 fast
|
| 650 |
|
0 |
|a Liberalism
|z United States
|v Periodicals.
|
| 650 |
|
0 |
|a Politics, Practical
|v Periodicals.
|
| 650 |
|
7 |
|a Liberalism.
|2 fast
|0 (OCoLC)fst00997183
|
| 650 |
|
7 |
|a Politics and government
|2 fast
|0 (OCoLC)fst01919741
|
| 650 |
|
7 |
|a Politics, Practical.
|2 fast
|0 (OCoLC)fst01069977
|
| 651 |
|
0 |
|a United States
|x Politics and government
|y 1989-
|v Periodicals.
|
| 651 |
|
7 |
|a United States.
|2 fast
|0 (OCoLC)fst01204155
|
| 655 |
|
0 |
|a Electronic journals.
|
| 776 |
0 |
8 |
|i Print version:
|t American prospect
|x 1049-7285
|w (DLC) 90649312
|w (OCoLC)21286339
|
| 856 |
4 |
0 |
|z Full text available from Research Library: 11/01/1996 to present
|u https://search.proquest.com/publication/3883
|